مكتبة جامعة عجلون الوطنية

فهرس بحث المكتبة

دور استخدام التطبيقات الالكترونية في تحسين جودة الخدمات في بلدية اربد الكبرى من وجهة نظر المستفيدين = The Role Using of Electronic Applications in Developing Services Quality in the Greater Irbid Municipality from Beneficiaries point view / (Record no. 31127)

MARC details
000 -LEADER
fixed length control field 01436nam a2200253Ii 4500
003 - CONTROL NUMBER IDENTIFIER
control field JO-AjNU
005 - DATE AND TIME OF LATEST TRANSACTION
control field 20240624121151.0
008 - FIXED-LENGTH DATA ELEMENTS--GENERAL INFORMATION
fixed length control field 230605s9999||||xx |||||||||||||| ||und||
040 ## - CATALOGING SOURCE
Original cataloging agency JO-AjNU
Language of cataloging ara
Description conventions rda
Transcribing agency JO-AjNU
041 ## - LANGUAGE CODE
Language code of text/sound track or separate title ara
050 14 - LIBRARY OF CONGRESS CALL NUMBER
Classification number HD30.213.2020
100 #1 - MAIN ENTRY--PERSONAL NAME
Personal name الحسينات، ديانا محمود يوسف
Relator term معد
9 (RLIN) 65545
245 00 - TITLE STATEMENT
Title دور استخدام التطبيقات الالكترونية في تحسين جودة الخدمات في بلدية اربد الكبرى من وجهة نظر المستفيدين = The Role Using of Electronic Applications in Developing Services Quality in the Greater Irbid Municipality from Beneficiaries point view /
Statement of responsibility, etc. اعداد ديانا محمود يوسف الحسينات؛ اشراف عيسى المومني، فوزي حسن الطعاني
264 31 - PRODUCTION, PUBLICATION, DISTRIBUTION, MANUFACTURE, AND COPYRIGHT NOTICE
Place of production, publication, distribution, manufacture 2020
300 ## - PHYSICAL DESCRIPTION
Extent 144 ورقة
336 ## - CONTENT TYPE
Content type term text
Content type code txt
Source rdacontent
337 ## - MEDIA TYPE
Media type term unmediated
Media type code n
Source rdamedia
338 ## - CARRIER TYPE
Carrier type term volume
Carrier type code nc
Source rdacarrier
500 ## - GENERAL NOTE
General note رسالة جامعية(اطروحة ماجستير) جامعة عجلون الوطنية: كلية ادارة الاعمال، ادارة الاعمال، 2020
650 #4 - SUBJECT ADDED ENTRY--TOPICAL TERM
Topical term or geographic name entry element الادارة-معالجة البيانات الكترونيا-بلدية اربد
9 (RLIN) 61027
700 #1 - ADDED ENTRY--PERSONAL NAME
Personal name المومني، ياسر عيسى
Relator term مشرف رئيسي
9 (RLIN) 65196
700 #1 - ADDED ENTRY--PERSONAL NAME
Personal name الطعاني، فوزي حسن
Relator term مشرف مشارك
9 (RLIN) 65547
942 ## - ADDED ENTRY ELEMENTS (KOHA)
Source of classification or shelving scheme Library of Congress Classification
Koha item type Thesis
Holdings
Withdrawn status Lost status Source of classification or shelving scheme Damaged status Not for loan Home library Current library Shelving location Date acquired Total Checkouts Full call number Barcode Date last seen Price effective from Koha item type
    Library of Congress Classification     مكتبة جامعة عجلون الوطنية مكتبة جامعة عجلون الوطنية المراجع 06/06/2023   HD30.213.2020 A27559 06/06/2023 06/06/2023 Thesis
    Library of Congress Classification     مكتبة جامعة عجلون الوطنية مكتبة جامعة عجلون الوطنية   24/06/2024   HD30.213 2020 a27560 24/06/2024 24/06/2024 Thesis